L'équipe de France à la coupe du monde 2026 - Statistiques

Statistiques générales
  • Ce quiz a été pris 31 fois
  • Le résultat moyen est 23 sur 26
Statistiques - réponses
Poste Joueur Club % Correct
Attaquant Bradley Barcola Paris SG
100%
Attaquant Kylian Mbappé Real Madrid
100%
Attaquant Michael Olise Bayern Munich
100%
Attaquant Ousmane Dembélé Paris SG
100%
Défenseur Théo Hernandez Al-Hilal
100%
Milieu Aurélien Tchouaméni Real Madrid
96%
Défenseur Dayot Upamecano Bayern Munich
96%
Attaquant Désiré Doué Paris SG
96%
Défenseur Lucas Hernandez Paris SG
96%
Défenseur Ibrahima Konaté Liverpool
93%
Défenseur Jules Koundé FC Barcelone
93%
Défenseur Lucas Digne Aston Villa
93%
Attaquant Marcus Thuram Inter Milan
93%
Gardien Mike Maignan AC Milan
93%
Attaquant Rayan Cherki Manchester City
93%
Défenseur William Saliba Arsenal
93%
Milieu N'Golo Kanté Fenerbahçe
89%
Milieu Warren Zaïre-Emery Paris SG
89%
Milieu Adrien Rabiot AC Milan
85%
Attaquant Jean-Philippe Mateta Crystal Palace
85%
Gardien Brice Samba Rennes
81%
Défenseur Malo Gusto Chelsea
81%
Défenseur Maxence Lacroix Crystal Palace
78%
Attaquant Maghnes Akliouche Monaco
74%
Milieu Manu Koné AS Rome
74%
Gardien Robin Risser Lens
67%
Aucun quiz correspondant
Distribution des résultats
% des personnes avec chaque résultat
Percentile par nombre de réponses
Votre historique - résultats
Vous n’avez pas pris ce quiz